Geographical Features from 'E' - Statistics

General Stats
  • This quiz has been taken 59 times
  • The average score is 8 of 16
Answer Stats
Picture Hint Answer % Correct
The red line Equator
93%
Island Easter
89%
Canadian City Edmonton
89%
Mountain Everest
86%
Country Estonia
84%
UK City Edinburgh
79%
Volcano Etna
79%
National Park Everglades
77%
Lake Erie
74%
River Elbe
54%
Canyon Echo
9%
Beach Eighty Mile
5%
Glacier Eiriksjokull
2%
Cave Ellora
2%
Valley Engadin
2%
Waterfall Epupa
2%
No matching quizzes found
Score Distribution
Percent of People with Each Score
Percentile by Number Answered
Your Score History
You have not taken this quiz